1369 1254 1382 1847 1355 1334 1514 1188 1418 1576 1768 1414 1241 1839 1384 1397 1009 1201 1804 1659 1609 1251 1324 1440 1188 1032 1600 1857 1361 1804 1999 1499 1854 1399 1749 1816 1051 1479 1506 1117 1936 1651 1598 1377 1203 1705 1382 1209 1905 1893 1666 1011 1775 1092 1410 1976 1361 1882 1133 1918 1439 1538 1827 1057 1355 1385 1658 1739 1888 1714 1041 1644 1314 1362 1784 1784 1903 1044 1067 1460 1051 1444 1242 1141 1013 1427 1543 1459 1596 1305 1100 1602 1409 1733 1747 1900 1038 1507 1527 BCNSPRNW ULIB Ver.6.0+V

เปลี่ยนเป็นภาษาไทย

Change to English
 แสดงรายละเอียดบรรณานุกรม
  กลับหน้าหลัก

Brief Record : Get Marc (ISO 2709) : E-mail record : QR code < ปิดหน้าต่าง
LEADER : 00000nam 2200000uu 4500
001    13399126959
003     ULIB
008    190917s2562||||th 000 0 tha d
020    ^a9786165306881
060 0  ^aQU146.JT3^bอ677
245 0   ^aอาหารผู้สูงอายุ /^cบริษัท สำนักพิมพ์แม่บ้าน จำกัด
250    ^aพิมพ์ครั้งที่ 1
260    ^aกรุงเทพฯ :^bบริษัท สำนักพิมพ์แม่บ้าน จำกัด,^c2562
300    ^a120 หน้า :^bภาพประกอบสี ;^c26 ซม.
650    ^aผู้สูงอายุ^xการดูแลและสุขวิทยา
650    ^aโภชนาการ^xในวัยชรา
650    ^aอาหารเพื่อสุขภาพ
945    ^p179^l0^i005988
945    ^p179^l0^i005987
945    ^p179^l0^i005989
945    ^p179^l0^i005991
945    ^p179^l0^i005990
999    ^aประนอม เกษจรัล
รายการนี้ยังไม่มีแท็ก
คุณยังไม่ได้ล็อกอิน คุณสามารถมีกิจกรรมร่วมกับเว็บไซต์ได้ แต่ต้องล็อกอินก่อน ::
  ล็อกอิน

รายการสื่อสารสนเทศ

ลำดับที่ ประเภท เลขเรียก/บาร์โค้ด สถานที่ สถานะ
1. วิทยาศาสตร์การแพทย์ และสุขภาพ
หนังสือสำรอง
สถานะ=หนังสือสำรอง
QU146.JT3 อ677 ฉ.1 
  Barcode: 005987
ห้องสมุดวิทยาเขตสวรรค์ประชารักษ์
►หนังสือทั่วไป
บนชั้น
2. วิทยาศาสตร์การแพทย์ และสุขภาพ
วิทยาศาสตร์การแพทย์ และสุขภาพ
QU146.JT3 อ677 ฉ.2 
  Barcode: 005988
ห้องสมุดวิทยาเขตสวรรค์ประชารักษ์
►หนังสือทั่วไป
บนชั้น
3. วิทยาศาสตร์การแพทย์ และสุขภาพ
วิทยาศาสตร์การแพทย์ และสุขภาพ
QU146.JT3 อ677 ฉ.3 
  Barcode: 005989
ห้องสมุดวิทยาเขตสวรรค์ประชารักษ์
►หนังสือทั่วไป
บนชั้น
4. วิทยาศาสตร์การแพทย์ และสุขภาพ
วิทยาศาสตร์การแพทย์ และสุขภาพ
QU146.JT3 อ677 ฉ.4 
  Barcode: 005990
ห้องสมุดวิทยาเขตสวรรค์ประชารักษ์
►หนังสือทั่วไป
บนชั้น
5. วิทยาศาสตร์การแพทย์ และสุขภาพ
วิทยาศาสตร์การแพทย์ และสุขภาพ
QU146.JT3 อ677 ฉ.5 
  Barcode: 005991
ห้องสมุดวิทยาเขตสวรรค์ประชารักษ์
►หนังสือทั่วไป
บนชั้น

รายการใกล้เคียง
    หัวเรื่อง [อาหารเพื่อสุขภาพ]

BibComment


ยังไม่เคยถูกคอมเมนท์

คอมเมนท์ทรัพยากรรายการนี้
  คอมเมนท์: อาหารผู้สูงอายุ..


 Copyright 2026. Bcnsprnw @Library